000 00710cam a22002413a 4500
001 19053
003 PGUSA
005 20140828083414.0
008 060815s2006||||xxu|||||s|||||000 | eng d
040 _aPGUSA
_beng
042 _adc
050 4 _aQP
100 1 _aWillard, Emma,
_d1787-1870
245 1 0 _aTheory of Circulation by Respiration :
_bSynopsis of its Principles and History
_h[electronic resource] /
_cEmma Willard
260 _bProject Gutenberg,
_c2006
506 _aPublic domain in the USA.
516 _aElectronic text
653 _aRespiration
653 _aBlood -- Circulation
830 0 _aProject Gutenberg
_v19053
856 4 0 _uhttp://www.gutenberg.org/ebooks/19053
942 _cEB
999 _c248308
_d248308